000 00945nam a2200277 i 4500
001 15995
003 ES-MaACL
005 20230906151224.0
007 t|
008 000530s1996 sp ||||0| spa j ..|
015 _a1989-MAR-5241
016 7 _zSAB9000042085
020 _a84-7846-599-5
040 _aM-BN-DP
_bspa
_cM-BN-DP
080 _a159.953
100 1 _aFlor, Fernando R. de la.
_951231
245 1 0 _aTeatro de la memoria
_b: siete ensayos sobre mnemotécnia española de los siglos XVII y XVIII /
_cFernando R. de la Flor.
260 _a[Valladolid] :
_bJunta de Castilla y León, Consejería de Cultura y Bienestar Social,
_c1996.
300 _a266 p. :
_bil. ;
_c22 cm.
490 1 _aEnsayo/las ideas
650 1 4 _aMemoria.
_914989
710 1 _aCastilla y León.
_bConsejería de Educación y Cultura.
_92500
830 0 _aEnsayo/las ideas
_9179851
852 _aES-MaACL
_jL-23142
_bR.128271
999 _c15995
_d15995